{"text_format":"3","workbook":"xlsx","n_sheets":2,"sheets":["Rekapitulácia stavby","14195-1 - Rekonštrukcia v..."],"not_rendered":{"defined_names":5},"read":"whole","date_system":"1900"}

{"sheet":"Rekapitulácia stavby","index":0,"n_rows":95,"n_cols":90,"rows_kept":95,"hidden":true,"merged":[[1,43,1,56],[4,10,4,40],[5,10,5,40],[22,4,22,39],[25,36,25,40],[27,11,27,15],[27,22,27,30],[27,36,27,40],[28,11,28,15],[28,22,28,30],[28,36,28,40],[29,11,29,15],[29,22,29,30],[29,36,29,40],[30,11,30,15],[30,22,30,30],[30,36,30,40],[31,11,31,15],[31,22,31,30],[31,36,31,40],[32,11,32,15],[32,22,32,30],[32,36,32,40],[34,23,34,27],[34,36,34,40],[84,11,84,40],[86,38,86,39],[88,38,88,41],[88,44,90,45],[89,38,89,41],[91,2,91,6],[91,8,91,31],[91,32,91,38],[91,39,91,41],[93,32,93,38],[93,39,93,41],[94,3,94,7],[94,9,94,31],[94,32,94,38],[94,39,94,41]]}
["Export Komplet",{"$nulls":50},"","2.0","",{"$nulls":17},"False","False","{3b5f1ac7-a0d2-4832-91a6-93c8b28ac1f8}"]
[{"$nulls":43},">>  skryté stĺpce  <<",{"$nulls":26},"0,001","20"]
[{"$nulls":70},"0,001","20"]
[{"$nulls":3},"REKAPITULÁCIA STAVBY",{"$nulls":40},"v ---  nižšie sa nachádzajú doplnkové a pomocné údaje k zostavám  --- v",{"$nulls":25},"0,001"]
[{"$nulls":3},"Kód:",{"$nulls":6},"14195-1",{"$nulls":59},"0,001"]
[{"$nulls":3},"Stavba:",{"$nulls":6},"Rekonštrukcia vonkajšieho areálu pre voľnočasové aktivity klientov",{"$nulls":59},"0,001"]
[{"$nulls":3},"JKSO:",{"$nulls":6},"",{"$nulls":25},"KS:",null,null,"",{"$nulls":30},"0,001"]
[{"$nulls":3},"Miesto:",{"$nulls":6},"Trebišov ",{"$nulls":25},"Dátum:",null,null,"30. 4. 2020",{"$nulls":30},"0,001"]
[{"$nulls":70},"0,001"]
[{"$nulls":3},"Objednávateľ:",{"$nulls":32},"IČO:",null,null,"",{"$nulls":30},"0,001"]
[{"$nulls":4},"LUMEN -  ŠZ, ZpS a DSS.",{"$nulls":31},"IČ DPH:",null,null,"",{"$nulls":30},"0,001"]
[{"$nulls":70},"0,001"]
[{"$nulls":3},"Zhotoviteľ:",{"$nulls":32},"IČO:",null,null,"",{"$nulls":30},"0,001"]
[{"$nulls":4}," ",{"$nulls":31},"IČ DPH:",null,null,"",{"$nulls":30},"0,001"]
[{"$nulls":70},"False"]
[{"$nulls":3},"Projektant:",{"$nulls":32},"IČO:",null,null,"",{"$nulls":30},"False"]
[{"$nulls":4}," ",{"$nulls":31},"IČ DPH:",null,null,"",{"$nulls":30},"True"]
[{"$nulls":70},"0,01"]
[{"$nulls":3},"Spracovateľ:",{"$nulls":32},"IČO:",null,null,"",{"$nulls":30},"0,01"]
[{"$nulls":4}," ",{"$nulls":31},"IČ DPH:",null,null,"",{"$nulls":30},"True"]
[]
[{"$nulls":3},"Poznámka:"]
[{"$nulls":4},""]
[]
[]
[{"$nulls":3},"Cena bez DPH",{"$nulls":32},{"$f":"ROUND(AG94,2)","v":{"v":0,"d":"0.00"}}]
[]
[{"$nulls":11},"Sadzba dane",{"$nulls":10},"Základ dane",{"$nulls":13},"Výška dane"]
[{"$nulls":3},"DPH",null,"základná",{"$nulls":5},{"v":0.2,"d":"20.00%"},{"$nulls":10},{"$f":"ROUND(AZ94, 2)","v":{"v":0,"d":"0.00"}},{"$nulls":13},{"$f":"ROUND(AV94, 2)","v":{"v":0,"d":"0.00"}}]
[{"$nulls":5},"znížená",{"$nulls":5},{"v":0.2,"d":"20.00%"},{"$nulls":10},{"$f":"ROUND(BA94, 2)","v":{"v":0,"d":"0.00"}},{"$nulls":13},{"$f":"ROUND(AW94, 2)","v":{"v":0,"d":"0.00"}}]
[{"$nulls":5},"zákl. prenesená",{"$nulls":5},{"v":0.2,"d":"20.00%"},{"$nulls":10},{"$f":"ROUND(BB94, 2)","v":{"v":0,"d":"0.00"}},{"$nulls":13},{"v":0,"d":"0.00"}]
[{"$nulls":5},"zníž. prenesená",{"$nulls":5},{"v":0.2,"d":"20.00%"},{"$nulls":10},{"$f":"ROUND(BC94, 2)","v":{"v":0,"d":"0.00"}},{"$nulls":13},{"v":0,"d":"0.00"}]
[{"$nulls":5},"nulová",{"$nulls":5},{"v":0,"d":"0.00%"},{"$nulls":10},{"$f":"ROUND(BD94, 2)","v":{"v":0,"d":"0.00"}},{"$nulls":13},{"v":0,"d":"0.00"}]
[]
[{"$nulls":3},"Cena s DPH",{"$nulls":15},"v",{"$nulls":3},"EUR",{"$nulls":12},{"$f":"SUM(AK26:AK33)","v":{"v":0,"d":"0.00"}}]
{"$rows_empty":13}
[{"$nulls":3},"Projektant",{"$nulls":29},"Spracovateľ"]
{"$rows_empty":10}
[{"$nulls":3},"Dátum a podpis:",{"$nulls":17},"Pečiatka",{"$nulls":11},"Dátum a podpis:",{"$nulls":4},"Pečiatka"]
[]
[]
[]
[{"$nulls":3},"Objednávateľ",{"$nulls":29},"Zhotoviteľ"]
{"$rows_empty":10}
[{"$nulls":3},"Dátum a podpis:",{"$nulls":17},"Pečiatka",{"$nulls":11},"Dátum a podpis:",{"$nulls":4},"Pečiatka"]
[]
[]
[]
[]
[]
[]
[null,null,"REKAPITULÁCIA OBJEKTOV STAVBY"]
[]
[null,null,"Kód:",{"$nulls":8},{"$f":"K5","v":"14195-1"}]
[null,null,"Stavba:",{"$nulls":8},{"$f":"K6","v":"Rekonštrukcia vonkajšieho areálu pre voľnočasové aktivity klientov"}]
[]
[null,null,"Miesto:",{"$nulls":8},{"$f":"IF(K8=\"\",\"\",K8)","v":"Trebišov "},{"$nulls":22},"Dátum:",{"$nulls":3},{"$f":"IF(AN8= \"\",\"\",AN8)","v":"30. 4. 2020"}]
[]
[null,null,"Objednávateľ:",{"$nulls":8},{"$f":"IF(E11= \"\",\"\",E11)","v":"LUMEN -  ŠZ, ZpS a DSS."},{"$nulls":22},"Projektant:",{"$nulls":3},{"$f":"IF(E17=\"\",\"\",E17)","v":" "},{"$nulls":5},"Informatívne údaje z listov zákaziek"]
[null,null,"Zhotoviteľ:",{"$nulls":8},{"$f":"IF(E14=\"\",\"\",E14)","v":" "},{"$nulls":22},"Spracovateľ:",{"$nulls":3},{"$f":"IF(E20=\"\",\"\",E20)","v":" "}]
[]
[null,null,"Kód",{"$nulls":5},"Popis",{"$nulls":23},"Cena bez DPH [EUR]",{"$nulls":6},"Cena s DPH [EUR]",null,null,"Typ",null,"z toho Ostat.\r\nnáklady [EUR]","DPH [EUR]","Normohodiny [h]","DPH základná [EUR]","DPH znížená [EUR]","DPH základná prenesená\r\n[EUR]","DPH znížená prenesená\r\n[EUR]","Základňa\r\nDPH základná","Základňa\r\nDPH znížená","Základňa\r\nDPH zákl. prenesená","Základňa\r\nDPH zníž. prenesená","Základňa\r\nDPH nulová"]
[]
[null,null,"Náklady z rozpočtov",{"$nulls":29},{"$f":"ROUND(AG95,2)","v":{"v":0,"d":"0.00"}},{"$nulls":6},{"$f":"SUM(AG94,AT94)","v":{"v":0,"d":"0.00"}},null,null,"",null,{"$f":"ROUND(AS95,2)","v":{"v":0,"d":"0.00"}},{"$f":"ROUND(SUM(AV94:AW94),2)","v":{"v":0,"d":"0.00"}},{"$f":"ROUND(AU95,5)","v":{"v":561.7402,"d":"561.74020"}},{"$f":"ROUND(AZ94*L29,2)","v":{"v":0,"d":"0.00"}},{"$f":"ROUND(BA94*L30,2)","v":{"v":0,"d":"0.00"}},{"$f":"ROUND(BB94*L29,2)","v":{"v":0,"d":"0.00"}},{"$f":"ROUND(BC94*L30,2)","v":{"v":0,"d":"0.00"}},{"$f":"ROUND(AZ95,2)","v":{"v":0,"d":"0.00"}},{"$f":"ROUND(BA95,2)","v":{"v":0,"d":"0.00"}},{"$f":"ROUND(BB95,2)","v":{"v":0,"d":"0.00"}},{"$f":"ROUND(BC95,2)","v":{"v":0,"d":"0.00"}},{"$f":"ROUND(BD95,2)","v":{"v":0,"d":"0.00"}},{"$nulls":14},"D","0",null,"IMPORT","{3b5f1ac7-a0d2-4832-91a6-93c8b28ac1f8}","{00000000-0000-0000-0000-000000000000}",{"$nulls":13},""]
["/",null,null,"14195-1",{"$nulls":5},"Rekonštrukcia vonkajšieho areálu pre voľnočasové aktivity klientov",{"$nulls":22},{"$f":"'14195-1 - Rekonštrukcia v...'!J30","v":{"v":0,"d":"0.00"}},{"$nulls":6},{"$f":"SUM(AG95,AT95)","v":{"v":0,"d":"0.00"}},null,null,"STA",null,{"v":0,"d":"0.00"},{"$f":"ROUND(SUM(AV95:AW95),2)","v":{"v":0,"d":"0.00"}},{"$f":"'14195-1 - Rekonštrukcia v...'!P130","v":{"v":561.74019638,"d":"561.74020"}},{"$f":"'14195-1 - Rekonštrukcia v...'!J33","v":{"v":0,"d":"0.00"}},{"$f":"'14195-1 - Rekonštrukcia v...'!J34","v":{"v":0,"d":"0.00"}},{"$f":"'14195-1 - Rekonštrukcia v...'!J35","v":{"v":0,"d":"0.00"}},{"$f":"'14195-1 - Rekonštrukcia v...'!J36","v":{"v":0,"d":"0.00"}},{"$f":"'14195-1 - Rekonštrukcia v...'!F33","v":{"v":0,"d":"0.00"}},{"$f":"'14195-1 - Rekonštrukcia v...'!F34","v":{"v":0,"d":"0.00"}},{"$f":"'14195-1 - Rekonštrukcia v...'!F35","v":{"v":0,"d":"0.00"}},{"$f":"'14195-1 - Rekonštrukcia v...'!F36","v":{"v":0,"d":"0.00"}},{"$f":"'14195-1 - Rekonštrukcia v...'!F37","v":{"v":0,"d":"0.00"}},{"$nulls":15},"1","###NOINSERT###","IMPORT","{3b5f1ac7-a0d2-4832-91a6-93c8b28ac1f8}","{00000000-0000-0000-0000-000000000000}",{"$nulls":13},""]

{"sheet":"14195-1 - Rekonštrukcia v...","index":1,"n_rows":210,"n_cols":65,"rows_kept":210,"merged":[[1,11,1,21],[6,4,6,7],[15,4,15,7],[24,4,24,7],[84,4,84,7],[121,4,121,7]]}
[]
[{"$nulls":11},">>  skryté stĺpce  <<",{"$nulls":33},"{3b5f1ac7-a0d2-4832-91a6-93c8b28ac1f8}"]
[{"$nulls":45},"0"]
[{"$nulls":3},"KRYCÍ LIST ROZPOČTU",{"$nulls":8},"v ---  nižšie sa nachádzajú doplnkové a pomocné údaje k zostavám  --- v",{"$nulls":32},"False"]
[]
[{"$nulls":3},"Stavba:"]
[{"$nulls":4},"Rekonštrukcia vonkajšieho areálu pre voľnočasové aktivity klientov"]
[]
[{"$nulls":3},"JKSO:",null,"",null,null,"KS:",""]
[{"$nulls":3},"Miesto:",null,"Trebišov ",null,null,"Dátum:",{"$f":"'Rekapitulácia stavby'!AN8","v":"30. 4. 2020"}]
[]
[{"$nulls":3},"Objednávateľ:",{"$nulls":4},"IČO:",""]
[{"$nulls":4},"LUMEN -  ŠZ, ZpS a DSS.",{"$nulls":3},"IČ DPH:",""]
[]
[{"$nulls":3},"Zhotoviteľ:",{"$nulls":4},"IČO:",{"$f":"'Rekapitulácia stavby'!AN13","v":""}]
[{"$nulls":4},{"$f":"'Rekapitulácia stavby'!E14","v":" "},{"$nulls":3},"IČ DPH:",{"$f":"'Rekapitulácia stavby'!AN14","v":""}]
[]
[{"$nulls":3},"Projektant:",{"$nulls":4},"IČO:",{"$f":"IF('Rekapitulácia stavby'!AN16=\"\",\"\",'Rekapitulácia stavby'!AN16)","v":""}]
[{"$nulls":4},{"$f":"IF('Rekapitulácia stavby'!E17=\"\",\"\",'Rekapitulácia stavby'!E17)","v":" "},{"$nulls":3},"IČ DPH:",{"$f":"IF('Rekapitulácia stavby'!AN17=\"\",\"\",'Rekapitulácia stavby'!AN17)","v":""}]
[]
[{"$nulls":3},"Spracovateľ:",{"$nulls":4},"IČO:",{"$f":"IF('Rekapitulácia stavby'!AN19=\"\",\"\",'Rekapitulácia stavby'!AN19)","v":""}]
[{"$nulls":4},{"$f":"IF('Rekapitulácia stavby'!E20=\"\",\"\",'Rekapitulácia stavby'!E20)","v":" "},{"$nulls":3},"IČ DPH:",{"$f":"IF('Rekapitulácia stavby'!AN20=\"\",\"\",'Rekapitulácia stavby'!AN20)","v":""}]
[]
[{"$nulls":3},"Poznámka:"]
[{"$nulls":4},""]
[]
[]
[{"$nulls":3},"Náklady z rozpočtu",{"$nulls":5},{"$f":"J94","v":{"v":0,"d":"0.00"}}]
[{"$nulls":3},"Ostatné náklady",{"$nulls":5},{"$f":"J111","v":{"v":0,"d":"0.00"}}]
[{"$nulls":3},"Cena bez DPH",{"$nulls":5},{"$f":"ROUND(J28 + J29, 2)","v":{"v":0,"d":"0.00"}}]
[]
[{"$nulls":5},"Základ dane",null,null,"Sadzba dane","Výška dane"]
[{"$nulls":3},"DPH","základná",{"$f":"ROUND((SUM(BE111:BE112) + SUM(BE130:BE210)),  2)","v":{"v":0,"d":"0.00"}},null,null,{"v":0.2,"d":"20.00%"},{"$f":"ROUND(((SUM(BE111:BE112) + SUM(BE130:BE210))*I33),  2)","v":{"v":0,"d":"0.00"}}]
[{"$nulls":4},"znížená",{"$f":"ROUND((SUM(BF111:BF112) + SUM(BF130:BF210)),  2)","v":{"v":0,"d":"0.00"}},null,null,{"v":0.2,"d":"20.00%"},{"$f":"ROUND(((SUM(BF111:BF112) + SUM(BF130:BF210))*I34),  2)","v":{"v":0,"d":"0.00"}}]
[{"$nulls":4},"zákl. prenesená",{"$f":"ROUND((SUM(BG111:BG112) + SUM(BG130:BG210)),  2)","v":{"v":0,"d":"0.00"}},null,null,{"v":0.2,"d":"20.00%"},{"$f":"0","v":{"v":0,"d":"0.00"}}]
[{"$nulls":4},"zníž. prenesená",{"$f":"ROUND((SUM(BH111:BH112) + SUM(BH130:BH210)),  2)","v":{"v":0,"d":"0.00"}},null,null,{"v":0.2,"d":"20.00%"},{"$f":"0","v":{"v":0,"d":"0.00"}}]
[{"$nulls":4},"nulová",{"$f":"ROUND((SUM(BI111:BI112) + SUM(BI130:BI210)),  2)","v":{"v":0,"d":"0.00"}},null,null,{"v":0,"d":"0.00%"},{"$f":"0","v":{"v":0,"d":"0.00"}}]
[]
[{"$nulls":3},"Cena s DPH",null,null,"v","EUR",null,{"$f":"SUM(J30:J37)","v":{"v":0,"d":"0.00"}}]
{"$rows_empty":10}
[{"$nulls":3},"Projektant",null,null,"Spracovateľ"]
{"$rows_empty":10}
[{"$nulls":3},"Dátum a podpis:",null,"Pečiatka","Dátum a podpis:",null,null,"Pečiatka"]
[]
[]
[]
[{"$nulls":3},"Objednávateľ",null,null,"Zhotoviteľ"]
{"$rows_empty":10}
[{"$nulls":3},"Dátum a podpis:",null,"Pečiatka","Dátum a podpis:",null,null,"Pečiatka"]
[]
[]
[]
[]
[]
[null,null,"REKAPITULÁCIA ROZPOČTU"]
[]
[null,null,"Stavba:"]
[{"$nulls":4},{"$f":"E7","v":"Rekonštrukcia vonkajšieho areálu pre voľnočasové aktivity klientov"}]
[]
[null,null,"Miesto:",null,null,{"$f":"F10","v":"Trebišov "},null,null,"Dátum:",{"$f":"IF(J10=\"\",\"\",J10)","v":"30. 4. 2020"}]
[]
[null,null,"Objednávateľ:",null,null,{"$f":"E13","v":"LUMEN -  ŠZ, ZpS a DSS."},null,null,"Projektant:",{"$f":"E19","v":" "}]
[null,null,"Zhotoviteľ:",null,null,{"$f":"IF(E16=\"\",\"\",E16)","v":" "},null,null,"Spracovateľ:",{"$f":"E22","v":" "}]
[]
[null,null,"Kód dielu - Popis",{"$nulls":6},"Cena celkom [EUR]"]
[]
[null,null,"1) Náklady z rozpočtu",{"$nulls":6},{"$f":"J130","v":{"v":0,"d":"0.00"}},{"$nulls":36},"-1"]
[{"$nulls":3},"HSV - Práce a dodávky HSV",{"$nulls":5},{"$f":"J131","v":{"v":0,"d":"0.00"}}]
[{"$nulls":3},"    1 - Zemné práce",{"$nulls":5},{"$f":"J132","v":{"v":0,"d":"0.00"}}]
[{"$nulls":3},"    2 - Zakladanie",{"$nulls":5},{"$f":"J141","v":{"v":0,"d":"0.00"}}]
[{"$nulls":3},"    3 - Zvislé a kompletné konštrukcie",{"$nulls":5},{"$f":"J144","v":{"v":0,"d":"0.00"}}]
[{"$nulls":3},"    4 - Vodorovné konštrukcie",{"$nulls":5},{"$f":"J157","v":{"v":0,"d":"0.00"}}]
[{"$nulls":3},"    5 - Komunikácie",{"$nulls":5},{"$f":"J160","v":{"v":0,"d":"0.00"}}]
[{"$nulls":3},"    9 - Ostatné konštrukcie a práce-búranie",{"$nulls":5},{"$f":"J176","v":{"v":0,"d":"0.00"}}]
[{"$nulls":3},"    99 - Presun hmôt HSV",{"$nulls":5},{"$f":"J183","v":{"v":0,"d":"0.00"}}]
[{"$nulls":3},"PSV - Práce a dodávky PSV",{"$nulls":5},{"$f":"J185","v":{"v":0,"d":"0.00"}}]
[{"$nulls":3},"    713 - Izolácie tepelné",{"$nulls":5},{"$f":"J186","v":{"v":0,"d":"0.00"}}]
[{"$nulls":3},"    722 - Zdravotechnika - vnútorný vodovod",{"$nulls":5},{"$f":"J189","v":{"v":0,"d":"0.00"}}]
[{"$nulls":3},"    725 - Zdravotechnika - zariaďovacie predmety",{"$nulls":5},{"$f":"J194","v":{"v":0,"d":"0.00"}}]
[{"$nulls":3},"    767 - Konštrukcie doplnkové kovové",{"$nulls":5},{"$f":"J197","v":{"v":0,"d":"0.00"}}]
[{"$nulls":3},"    782 - Obklady z prírodného a konglomerovaného kameňa",{"$nulls":5},{"$f":"J208","v":{"v":0,"d":"0.00"}}]
[]
[]
[null,null,"2) Ostatné náklady",{"$nulls":6},{"v":0,"d":"0.00"},{"$nulls":3},"DPH"]
[]
[null,null,"Celkové náklady za stavbu 1) + 2)",{"$nulls":6},{"$f":"ROUND(J94+J111,2)","v":{"v":0,"d":"0.00"}}]
[]
[]
[]
[]
[]
[null,null,"ROZPOČET"]
[]
[null,null,"Stavba:"]
[{"$nulls":4},{"$f":"E7","v":"Rekonštrukcia vonkajšieho areálu pre voľnočasové aktivity klientov"}]
[]
[null,null,"Miesto:",null,null,{"$f":"F10","v":"Trebišov "},null,null,"Dátum:",{"$f":"IF(J10=\"\",\"\",J10)","v":"30. 4. 2020"}]
[]
[null,null,"Objednávateľ:",null,null,{"$f":"E13","v":"LUMEN -  ŠZ, ZpS a DSS."},null,null,"Projektant:",{"$f":"E19","v":" "}]
[null,null,"Zhotoviteľ:",null,null,{"$f":"IF(E16=\"\",\"\",E16)","v":" "},null,null,"Spracovateľ:",{"$f":"E22","v":" "}]
[]
[null,null,"PČ","Typ","Kód","Popis","MJ","Množstvo","J.cena [EUR]","Cena celkom [EUR]","Cenová sústava",null,"","DPH","J. Nh [h]","Nh celkom [h]","J. hmotnosť [t]","Hmotnosť celkom [t]","J. suť [t]","Suť Celkom [t]"]
[null,null,"Náklady z rozpočtu",{"$nulls":6},{"$f":"BK130","v":{"v":0,"d":"0.000"}},{"$nulls":5},{"$f":"P131+P185","v":{"v":561.74019638,"d":"561.74020"}},null,{"$f":"R131+R185","v":{"v":393.60014435999994,"d":"393.60014"}},null,{"$f":"T131+T185","v":{"v":210.6728,"d":"210.67280"}},{"$nulls":25},"D","-1",{"$nulls":15},{"$f":"BK131+BK185","v":{"v":0,"d":"0.000"}}]
[{"$nulls":3},"D","HSV","Práce a dodávky HSV",{"$nulls":3},{"$f":"BK131","v":{"v":0,"d":"0.000"}},{"$nulls":5},{"$f":"P132+P141+P144+P157+P160+P176+P183","v":{"v":489.60139878,"d":"489.60140"}},null,{"$f":"R132+R141+R144+R157+R160+R176+R183","v":{"v":392.8506799599999,"d":"392.85068"}},null,{"$f":"T132+T141+T144+T157+T160+T176+T183","v":{"v":209.7188,"d":"209.71880"}},{"$nulls":23},"1",null,"D","0",{"$nulls":3},"ROZPOCET",{"$nulls":11},{"$f":"BK132+BK141+BK144+BK157+BK160+BK176+BK183","v":{"v":0,"d":"0.000"}}]
[{"$nulls":3},"D","1","Zemné práce",{"$nulls":3},{"$f":"BK132","v":{"v":0,"d":"0.000"}},{"$nulls":5},{"$f":"SUM(P133:P140)","v":{"v":97.55963500000001,"d":"97.55964"}},null,{"$f":"SUM(R133:R140)","v":{"v":0,"d":"0.00000"}},null,{"$f":"SUM(T133:T140)","v":{"v":198.7848,"d":"198.78480"}},{"$nulls":23},"1",null,"D","1",{"$nulls":3},"ROZPOCET",{"$nulls":11},{"$f":"SUM(BK133:BK140)","v":{"v":0,"d":"0.000"}}]
[null,null,"1","K","113106612.S","Rozoberanie zámkovej dlažby všetkých druhov v ploche nad 20 m2,  -0,26000t","m2",{"v":36.33,"d":"36.330"},{"v":0,"d":"0.000"},{"$f":"ROUND(I133*H133,3)","v":{"v":0,"d":"0.000"}},null,null,"","znížená",{"v":0.236,"d":"0.23600"},{"$f":"O133*H133","v":{"v":8.573879999999999,"d":"8.57388"}},{"v":0,"d":"0.00000"},{"$f":"Q133*H133","v":{"v":0,"d":"0.00000"}},{"v":0.26,"d":"0.26000"},{"$f":"S133*H133","v":{"v":9.4458,"d":"9.44580"}},{"$nulls":23},"4",null,"K","2",{"$nulls":3},"ROZPOCET",{"$nulls":5},{"$f":"IF(N133=\"základná\",J133,0)","v":{"v":0,"d":"0.00"}},{"$f":"IF(N133=\"znížená\",J133,0)","v":{"v":0,"d":"0.00"}},{"$f":"IF(N133=\"zákl. prenesená\",J133,0)","v":{"v":0,"d":"0.00"}},{"$f":"IF(N133=\"zníž. prenesená\",J133,0)","v":{"v":0,"d":"0.00"}},{"$f":"IF(N133=\"nulová\",J133,0)","v":{"v":0,"d":"0.00"}},"2",{"$f":"ROUND(I133*H133,3)","v":{"v":0,"d":"0.000"}},"4","-2023330159"]
[null,null,"2","K","113107211.S","Odstránenie krytu v ploche nad 200 m2 antukoveho , hr. vrstvy do 50 mm,  -0,16000t","m2",{"v":689.06,"d":"689.060"},{"v":0,"d":"0.000"},{"v":0,"d":"0.000"},null,null,"","znížená",{"v":0.032,"d":"0.03200"},22.04992,{"v":0,"d":"0.00000"},{"v":0,"d":"0.00000"},{"v":0.16,"d":"0.16000"},{"v":110.24959999999999,"d":"110.24960"},{"$nulls":23},"4",null,"K","2",{"$nulls":3},"ROZPOCET",{"$nulls":5},{"v":0,"d":"0.00"},{"v":0,"d":"0.00"},{"v":0,"d":"0.00"},{"v":0,"d":"0.00"},{"v":0,"d":"0.00"},"2",{"v":0,"d":"0.000"},"4","-78118230"]
[null,null,"3","K","113107221.S","Odstránenie krytu v ploche nad 200 m2 z kameniva hrubého drveného, hr. do 100 mm,  -0,13000t","m2",{"v":576.38,"d":"576.380"},{"v":0,"d":"0.000"},{"v":0,"d":"0.000"},null,null,"","znížená",{"v":0.048,"d":"0.04800"},{"v":27.666240000000002,"d":"27.66624"},{"v":0,"d":"0.00000"},{"v":0,"d":"0.00000"},{"v":0.13,"d":"0.13000"},{"v":74.9294,"d":"74.92940"},{"$nulls":23},"4",null,"K","2",{"$nulls":3},"ROZPOCET",{"$nulls":5},{"v":0,"d":"0.00"},{"v":0,"d":"0.00"},{"v":0,"d":"0.00"},{"v":0,"d":"0.00"},{"v":0,"d":"0.00"},"2",{"v":0,"d":"0.000"},"4","-813879466"]
[null,null,"4","K","113208111.S","Vytrhanie obrúb betonových, s vybúraním lôžka, záhonových,  -0,04000t","m",{"v":104,"d":"104.000"},{"v":0,"d":"0.000"},{"v":0,"d":"0.000"},null,null,"","znížená",{"v":0.075,"d":"0.07500"},{"v":7.8,"d":"7.80000"},{"v":0,"d":"0.00000"},{"v":0,"d":"0.00000"},{"v":0.04,"d":"0.04000"},{"v":4.16,"d":"4.16000"},{"$nulls":23},"4",null,"K","2",{"$nulls":3},"ROZPOCET",{"$nulls":5},{"v":0,"d":"0.00"},{"v":0,"d":"0.00"},{"v":0,"d":"0.00"},{"v":0,"d":"0.00"},{"v":0,"d":"0.00"},"2",{"v":0,"d":"0.000"},"4","-1179080263"]
[null,null,"5","K","122201101.S","Odkopávka a prekopávka nezapažená v hornine 3, do 100 m3","m3",43.303,{"v":0,"d":"0.000"},{"v":0,"d":"0.000"},null,null,"","znížená",{"v":0.46,"d":"0.46000"},19.91938,{"v":0,"d":"0.00000"},{"v":0,"d":"0.00000"},{"v":0,"d":"0.00000"},{"v":0,"d":"0.00000"},{"$nulls":23},"4",null,"K","2",{"$nulls":3},"ROZPOCET",{"$nulls":5},{"v":0,"d":"0.00"},{"v":0,"d":"0.00"},{"v":0,"d":"0.00"},{"v":0,"d":"0.00"},{"v":0,"d":"0.00"},"2",{"v":0,"d":"0.000"},"4","1061284555"]
[null,null,"6","K","122201109.S","Odkopávky a prekopávky nezapažené. Príplatok k cenám za lepivosť horniny 3","m3",43.303,{"v":0,"d":"0.000"},{"v":0,"d":"0.000"},null,null,"","znížená",{"v":0.056,"d":"0.05600"},{"v":2.424968,"d":"2.42497"},{"v":0,"d":"0.00000"},{"v":0,"d":"0.00000"},{"v":0,"d":"0.00000"},{"v":0,"d":"0.00000"},{"$nulls":23},"4",null,"K","2",{"$nulls":3},"ROZPOCET",{"$nulls":5},{"v":0,"d":"0.00"},{"v":0,"d":"0.00"},{"v":0,"d":"0.00"},{"v":0,"d":"0.00"},{"v":0,"d":"0.00"},"2",{"v":0,"d":"0.000"},"4","-307987652"]
[null,null,"7","K","131201101.S","Výkop nezapaženej jamy v hornine 3, do 100 m3","m3",6.676,{"v":0,"d":"0.000"},{"v":0,"d":"0.000"},null,null,"","znížená",{"v":0.838,"d":"0.83800"},{"v":5.594488,"d":"5.59449"},{"v":0,"d":"0.00000"},{"v":0,"d":"0.00000"},{"v":0,"d":"0.00000"},{"v":0,"d":"0.00000"},{"$nulls":23},"4",null,"K","2",{"$nulls":3},"ROZPOCET",{"$nulls":5},{"v":0,"d":"0.00"},{"v":0,"d":"0.00"},{"v":0,"d":"0.00"},{"v":0,"d":"0.00"},{"v":0,"d":"0.00"},"2",{"v":0,"d":"0.000"},"4","1110335408"]
[null,null,"8","K","162501102.S","Vodorovné premiestnenie výkopku po spevnenej ceste z horniny tr.1-4, do 100 m3 na vzdialenosť do 3000 m","m3",49.729,{"v":0,"d":"0.000"},{"v":0,"d":"0.000"},null,null,"","znížená",{"v":0.071,"d":"0.07100"},{"v":3.5307589999999998,"d":"3.53076"},{"v":0,"d":"0.00000"},{"v":0,"d":"0.00000"},{"v":0,"d":"0.00000"},{"v":0,"d":"0.00000"},{"$nulls":23},"4",null,"K","2",{"$nulls":3},"ROZPOCET",{"$nulls":5},{"v":0,"d":"0.00"},{"v":0,"d":"0.00"},{"v":0,"d":"0.00"},{"v":0,"d":"0.00"},{"v":0,"d":"0.00"},"2",{"v":0,"d":"0.000"},"4","1526222200"]
[{"$nulls":3},"D","2","Zakladanie",{"$nulls":3},{"$f":"BK141","v":{"v":0,"d":"0.000"}},{"$nulls":5},{"$f":"SUM(P142:P143)","v":{"v":3.1565571799999996,"d":"3.15656"}},null,{"$f":"SUM(R142:R143)","v":{"v":11.36038316,"d":"11.36038"}},null,{"$f":"SUM(T142:T143)","v":{"v":0,"d":"0.00000"}},{"$nulls":23},"1",null,"D","1",{"$nulls":3},"ROZPOCET",{"$nulls":11},{"$f":"SUM(BK142:BK143)","v":{"v":0,"d":"0.000"}}]
[null,null,"9","K","274271302","Murivo základových pásov (m3) PREMAC 50x25x25 s betónovou výplňou C 16/20 hr. 250 mm","m3",0.063,{"v":0,"d":"0.000"},{"$f":"ROUND(I142*H142,3)","v":{"v":0,"d":"0.000"}},null,null,"","znížená",3.36586,{"$f":"O142*H142","v":{"v":0.21204918,"d":"0.21205"}},2.12864,{"$f":"Q142*H142","v":{"v":0.13410432,"d":"0.13410"}},{"v":0,"d":"0.00000"},{"$f":"S142*H142","v":{"v":0,"d":"0.00000"}},{"$nulls":23},"4",null,"K","2",{"$nulls":3},"ROZPOCET",{"$nulls":5},{"$f":"IF(N142=\"základná\",J142,0)","v":{"v":0,"d":"0.00"}},{"$f":"IF(N142=\"znížená\",J142,0)","v":{"v":0,"d":"0.00"}},{"$f":"IF(N142=\"zákl. prenesená\",J142,0)","v":{"v":0,"d":"0.00"}},{"$f":"IF(N142=\"zníž. prenesená\",J142,0)","v":{"v":0,"d":"0.00"}},{"$f":"IF(N142=\"nulová\",J142,0)","v":{"v":0,"d":"0.00"}},"2",{"$f":"ROUND(I142*H142,3)","v":{"v":0,"d":"0.000"}},"4","-777837905"]
[null,null,"10","K","275313612.S","Betón základových pätiek, prostý tr. C 20/25","m3",5.068,{"v":0,"d":"0.000"},{"$f":"ROUND(I143*H143,3)","v":{"v":0,"d":"0.000"}},null,null,"","znížená",{"v":0.581,"d":"0.58100"},{"$f":"O143*H143","v":{"v":2.9445079999999995,"d":"2.94451"}},2.21513,{"$f":"Q143*H143","v":{"v":11.226278839999999,"d":"11.22628"}},{"v":0,"d":"0.00000"},{"$f":"S143*H143","v":{"v":0,"d":"0.00000"}},{"$nulls":23},"4",null,"K","2",{"$nulls":3},"ROZPOCET",{"$nulls":5},{"$f":"IF(N143=\"základná\",J143,0)","v":{"v":0,"d":"0.00"}},{"$f":"IF(N143=\"znížená\",J143,0)","v":{"v":0,"d":"0.00"}},{"$f":"IF(N143=\"zákl. prenesená\",J143,0)","v":{"v":0,"d":"0.00"}},{"$f":"IF(N143=\"zníž. prenesená\",J143,0)","v":{"v":0,"d":"0.00"}},{"$f":"IF(N143=\"nulová\",J143,0)","v":{"v":0,"d":"0.00"}},"2",{"$f":"ROUND(I143*H143,3)","v":{"v":0,"d":"0.000"}},"4","1269017032"]
[{"$nulls":3},"D","3","Zvislé a kompletné konštrukcie",null,null,0,{"$f":"BK144","v":{"v":0,"d":"0.000"}},{"$nulls":5},{"$f":"SUM(P145:P156)","v":{"v":15.522329999999998,"d":"15.52233"}},null,{"$f":"SUM(R145:R156)","v":{"v":5.110071200000001,"d":"5.11007"}},null,{"$f":"SUM(T145:T156)","v":{"v":0,"d":"0.00000"}},{"$nulls":23},"1",null,"D","1",{"$nulls":3},"ROZPOCET",{"$nulls":11},{"$f":"SUM(BK145:BK156)","v":{"v":0,"d":"0.000"}}]
[null,null,"11","K","338171122.S","Osadzovanie stĺpika oceľového plotového výšky nad 2 m so zabetónovaním do vopred vykopaných dier","ks",{"v":39,"d":"39.000"},{"v":0,"d":"0.000"},{"$f":"ROUND(I145*H145,3)","v":{"v":0,"d":"0.000"}},null,null,"","znížená",{"v":0.377,"d":"0.37700"},{"$f":"O145*H145","v":{"v":14.703,"d":"14.70300"}},0.10964,{"$f":"Q145*H145","v":4.27596},{"v":0,"d":"0.00000"},{"$f":"S145*H145","v":{"v":0,"d":"0.00000"}},{"$nulls":23},"4",null,"K","2",{"$nulls":3},"ROZPOCET",{"$nulls":5},{"$f":"IF(N145=\"základná\",J145,0)","v":{"v":0,"d":"0.00"}},{"$f":"IF(N145=\"znížená\",J145,0)","v":{"v":0,"d":"0.00"}},{"$f":"IF(N145=\"zákl. prenesená\",J145,0)","v":{"v":0,"d":"0.00"}},{"$f":"IF(N145=\"zníž. prenesená\",J145,0)","v":{"v":0,"d":"0.00"}},{"$f":"IF(N145=\"nulová\",J145,0)","v":{"v":0,"d":"0.00"}},"2",{"$f":"ROUND(I145*H145,3)","v":{"v":0,"d":"0.000"}},"4","1673542397"]
[null,null,"12","M","553510030800.S","Stĺpik, výška 4,3 m, poplastovaný na pozinkovanej oceli, pre plotový systém d60/2","ks",{"v":26,"d":"26.000"},{"v":0,"d":"0.000"},{"v":0,"d":"0.000"},null,null,"","znížená",{"v":0,"d":"0.00000"},{"v":0,"d":"0.00000"},{"v":0.0147,"d":"0.01470"},{"v":0.3822,"d":"0.38220"},{"v":0,"d":"0.00000"},{"v":0,"d":"0.00000"},{"$nulls":23},"8",null,"M","2",{"$nulls":3},"ROZPOCET",{"$nulls":5},{"v":0,"d":"0.00"},{"v":0,"d":"0.00"},{"v":0,"d":"0.00"},{"v":0,"d":"0.00"},{"v":0,"d":"0.00"},"2",{"v":0,"d":"0.000"},"4","-293075119"]
[null,null,"13","M","553510030400.S","Stĺpik, výška 3,1 m, poplastovaný na pozinkovanej oceli, pre plotový systém d60/2","ks",{"v":1,"d":"1.000"},{"v":0,"d":"0.000"},{"v":0,"d":"0.000"},null,null,"","znížená",{"v":0,"d":"0.00000"},{"v":0,"d":"0.00000"},{"v":0.0117,"d":"0.01170"},{"v":0.0117,"d":"0.01170"},{"v":0,"d":"0.00000"},{"v":0,"d":"0.00000"},{"$nulls":23},"8",null,"M","2",{"$nulls":3},"ROZPOCET",{"$nulls":5},{"v":0,"d":"0.00"},{"v":0,"d":"0.00"},{"v":0,"d":"0.00"},{"v":0,"d":"0.00"},{"v":0,"d":"0.00"},"2",{"v":0,"d":"0.000"},"4","1130915688"]
[null,null,"14","M","553510030800","Vystuha  výška 4,0 m, poplastovaný na pozinkovanej oceli, pre plotový systém,d38/2","ks",{"v":11,"d":"11.000"},{"v":0,"d":"0.000"},{"v":0,"d":"0.000"},null,null,"","znížená",{"v":0,"d":"0.00000"},{"v":0,"d":"0.00000"},{"v":0.0147,"d":"0.01470"},{"v":0.16169999999999998,"d":"0.16170"},{"v":0,"d":"0.00000"},{"v":0,"d":"0.00000"},{"$nulls":23},"8",null,"M","2",{"$nulls":3},"ROZPOCET",{"$nulls":5},{"v":0,"d":"0.00"},{"v":0,"d":"0.00"},{"v":0,"d":"0.00"},{"v":0,"d":"0.00"},{"v":0,"d":"0.00"},"2",{"v":0,"d":"0.000"},"4","-1826782475"]
[null,null,"15","M","553510030800-R","Vystuha  výška 4,4 m, poplastovaný na pozinkovanej oceli, pre plotový systém,d38/2","ks",{"v":1,"d":"1.000"},{"v":0,"d":"0.000"},{"v":0,"d":"0.000"},null,null,"","znížená",{"v":0,"d":"0.00000"},{"v":0,"d":"0.00000"},{"v":0.0147,"d":"0.01470"},{"v":0.0147,"d":"0.01470"},{"v":0,"d":"0.00000"},{"v":0,"d":"0.00000"},{"$nulls":23},"8",null,"M","2",{"$nulls":3},"ROZPOCET",{"$nulls":5},{"v":0,"d":"0.00"},{"v":0,"d":"0.00"},{"v":0,"d":"0.00"},{"v":0,"d":"0.00"},{"v":0,"d":"0.00"},"2",{"v":0,"d":"0.000"},"4","1399564889"]
[null,null,"16","M","553510024300.S","Príchytka na stĺpik","ks",{"v":148,"d":"148.000"},{"v":0,"d":"0.000"},{"v":0,"d":"0.000"},null,null,"","znížená",{"v":0,"d":"0.00000"},{"v":0,"d":"0.00000"},{"v":1e-05,"d":"0.00001"},{"v":1.4800000000000002E-3,"d":"0.00148"},{"v":0,"d":"0.00000"},{"v":0,"d":"0.00000"},{"$nulls":23},"8",null,"M","2",{"$nulls":3},"ROZPOCET",{"$nulls":5},{"v":0,"d":"0.00"},{"v":0,"d":"0.00"},{"v":0,"d":"0.00"},{"v":0,"d":"0.00"},{"v":0,"d":"0.00"},"2",{"v":0,"d":"0.000"},"4","-143126428"]
[null,null,"17","K","338172112.S","Osadzovanie vzpery oceľovej plotovej so zabetónovaním do vopred vykopaných dier","ks",{"v":1,"d":"1.000"},{"v":0,"d":"0.000"},{"v":0,"d":"0.000"},null,null,"","znížená",0.38835,0.38835,0.15084,0.15084,{"v":0,"d":"0.00000"},{"v":0,"d":"0.00000"},{"$nulls":23},"4",null,"K","2",{"$nulls":3},"ROZPOCET",{"$nulls":5},{"v":0,"d":"0.00"},{"v":0,"d":"0.00"},{"v":0,"d":"0.00"},{"v":0,"d":"0.00"},{"v":0,"d":"0.00"},"2",{"v":0,"d":"0.000"},"4","-1507259417"]
[null,null,"18","M","553510023000.SR","Basketbalova sada - stojan s košom ","ks",{"v":1,"d":"1.000"},{"v":0,"d":"0.000"},{"v":0,"d":"0.000"},null,null,"","znížená",{"v":0,"d":"0.00000"},{"v":0,"d":"0.00000"},{"v":0.0034,"d":"0.00340"},{"v":0.0034,"d":"0.00340"},{"v":0,"d":"0.00000"},{"v":0,"d":"0.00000"},{"$nulls":23},"8",null,"M","2",{"$nulls":3},"ROZPOCET",{"$nulls":5},{"v":0,"d":"0.00"},{"v":0,"d":"0.00"},{"v":0,"d":"0.00"},{"v":0,"d":"0.00"},{"v":0,"d":"0.00"},"2",{"v":0,"d":"0.000"},"4","-1126747549"]
[null,null,"19","M","553510023001.SR","Ruské kolky ","sada ",{"v":1,"d":"1.000"},{"v":0,"d":"0.000"},{"v":0,"d":"0.000"},null,null,"","znížená",{"v":0,"d":"0.00000"},{"v":0,"d":"0.00000"},{"v":0.0034,"d":"0.00340"},{"v":0.0034,"d":"0.00340"},{"v":0,"d":"0.00000"},{"v":0,"d":"0.00000"},{"$nulls":23},"8",null,"M","2",{"$nulls":3},"ROZPOCET",{"$nulls":5},{"v":0,"d":"0.00"},{"v":0,"d":"0.00"},{"v":0,"d":"0.00"},{"v":0,"d":"0.00"},{"v":0,"d":"0.00"},"2",{"v":0,"d":"0.000"},"4","1532821151"]
[null,null,"20","M","553510023002.SR","Petangova sada guľ ","sada ",{"v":1,"d":"1.000"},{"v":0,"d":"0.000"},{"v":0,"d":"0.000"},null,null,"","znížená",{"v":0,"d":"0.00000"},{"v":0,"d":"0.00000"},{"v":0.0034,"d":"0.00340"},{"v":0.0034,"d":"0.00340"},{"v":0,"d":"0.00000"},{"v":0,"d":"0.00000"},{"$nulls":23},"8",null,"M","2",{"$nulls":3},"ROZPOCET",{"$nulls":5},{"v":0,"d":"0.00"},{"v":0,"d":"0.00"},{"v":0,"d":"0.00"},{"v":0,"d":"0.00"},{"v":0,"d":"0.00"},"2",{"v":0,"d":"0.000"},"4","446887557"]
[null,null,"21","M","553510023003.SR","Tenisova /volejbalova sada stlpikov, puzdra, sieť, paska ","sada ",{"v":1,"d":"1.000"},{"v":0,"d":"0.000"},{"v":0,"d":"0.000"},null,null,"","znížená",{"v":0,"d":"0.00000"},{"v":0,"d":"0.00000"},{"v":0.0034,"d":"0.00340"},{"v":0.0034,"d":"0.00340"},{"v":0,"d":"0.00000"},{"v":0,"d":"0.00000"},{"$nulls":23},"8",null,"M","2",{"$nulls":3},"ROZPOCET",{"$nulls":5},{"v":0,"d":"0.00"},{"v":0,"d":"0.00"},{"v":0,"d":"0.00"},{"v":0,"d":"0.00"},{"v":0,"d":"0.00"},"2",{"v":0,"d":"0.000"},"4","329209062"]
[null,null,"22","K","342272051.S","Priečky z pórobetónových tvárnic hladkých s objemovou hmotnosťou do 600 kg/m3 hrúbky 150 mm","m2",{"v":0.88,"d":"0.880"},{"v":0,"d":"0.000"},{"v":0,"d":"0.000"},null,null,"","znížená",0.48975,{"v":0.43098000000000003,"d":"0.43098"},0.11124,{"v":0.09789120000000001,"d":"0.09789"},{"v":0,"d":"0.00000"},{"v":0,"d":"0.00000"},{"$nulls":23},"4",null,"K","2",{"$nulls":3},"ROZPOCET",{"$nulls":5},{"v":0,"d":"0.00"},{"v":0,"d":"0.00"},{"v":0,"d":"0.00"},{"v":0,"d":"0.00"},{"v":0,"d":"0.00"},"2",{"v":0,"d":"0.000"},"4","903037990"]
[{"$nulls":3},"D","4","Vodorovné konštrukcie",{"$nulls":3},{"$f":"BK157","v":{"v":0,"d":"0.000"}},{"$nulls":5},{"$f":"SUM(P158:P159)","v":{"v":5.52,"d":"5.52000"}},null,{"$f":"SUM(R158:R159)","v":{"v":0.0528,"d":"0.05280"}},null,{"$f":"SUM(T158:T159)","v":{"v":0,"d":"0.00000"}},{"$nulls":23},"1",null,"D","1",{"$nulls":3},"ROZPOCET",{"$nulls":11},{"$f":"SUM(BK158:BK159)","v":{"v":0,"d":"0.000"}}]
[null,null,"23","K","457971111","Zriadenie vrstvy z geotextílie s presahom, so sklonom do 1:5, šírky geotextílie do 3 m","m2",{"v":60,"d":"60.000"},{"v":0,"d":"0.000"},{"$f":"ROUND(I158*H158,3)","v":{"v":0,"d":"0.000"}},null,null,"","znížená",{"v":0.092,"d":"0.09200"},{"$f":"O158*H158","v":{"v":5.52,"d":"5.52000"}},0.00028,{"$f":"Q158*H158","v":{"v":0.0168,"d":"0.01680"}},{"v":0,"d":"0.00000"},{"$f":"S158*H158","v":{"v":0,"d":"0.00000"}},{"$nulls":23},"4",null,"K","2",{"$nulls":3},"ROZPOCET",{"$nulls":5},{"$f":"IF(N158=\"základná\",J158,0)","v":{"v":0,"d":"0.00"}},{"$f":"IF(N158=\"znížená\",J158,0)","v":{"v":0,"d":"0.00"}},{"$f":"IF(N158=\"zákl. prenesená\",J158,0)","v":{"v":0,"d":"0.00"}},{"$f":"IF(N158=\"zníž. prenesená\",J158,0)","v":{"v":0,"d":"0.00"}},{"$f":"IF(N158=\"nulová\",J158,0)","v":{"v":0,"d":"0.00"}},"2",{"$f":"ROUND(I158*H158,3)","v":{"v":0,"d":"0.000"}},"4","-1858829859"]
[null,null,"24","M","693110003200.S","Geotextília polypropylénová netkaná 500 g/m2","m2",{"v":72,"d":"72.000"},{"v":0,"d":"0.000"},{"$f":"ROUND(I159*H159,3)","v":{"v":0,"d":"0.000"}},null,null,"","znížená",{"v":0,"d":"0.00000"},{"$f":"O159*H159","v":{"v":0,"d":"0.00000"}},{"v":0.0005,"d":"0.00050"},{"$f":"Q159*H159","v":{"v":0.036000000000000004,"d":"0.03600"}},{"v":0,"d":"0.00000"},{"$f":"S159*H159","v":{"v":0,"d":"0.00000"}},{"$nulls":23},"8",null,"M","2",{"$nulls":3},"ROZPOCET",{"$nulls":5},{"$f":"IF(N159=\"základná\",J159,0)","v":{"v":0,"d":"0.00"}},{"$f":"IF(N159=\"znížená\",J159,0)","v":{"v":0,"d":"0.00"}},{"$f":"IF(N159=\"zákl. prenesená\",J159,0)","v":{"v":0,"d":"0.00"}},{"$f":"IF(N159=\"zníž. prenesená\",J159,0)","v":{"v":0,"d":"0.00"}},{"$f":"IF(N159=\"nulová\",J159,0)","v":{"v":0,"d":"0.00"}},"2",{"$f":"ROUND(I159*H159,3)","v":{"v":0,"d":"0.000"}},"4","1179746602"]
[{"$nulls":3},"D","5","Komunikácie",{"$nulls":3},{"$f":"BK160","v":{"v":0,"d":"0.000"}},{"$nulls":5},{"$f":"SUM(P161:P175)","v":{"v":271.1488796,"d":"271.14888"}},null,{"$f":"SUM(R161:R175)","v":{"v":337.34502359999993,"d":"337.34502"}},null,{"$f":"SUM(T161:T175)","v":{"v":0,"d":"0.00000"}},{"$nulls":23},"1",null,"D","1",{"$nulls":3},"ROZPOCET",{"$nulls":11},{"$f":"SUM(BK161:BK175)","v":{"v":0,"d":"0.000"}}]
[null,null,"25","K","564710111.S","Podklad alebo kryt z kameniva hrubého drveného veľ. 8-16 mm s rozprestretím a zhutnením hr. 50 mm","m2",{"v":60,"d":"60.000"},{"v":0,"d":"0.000"},{"$f":"ROUND(I161*H161,3)","v":{"v":0,"d":"0.000"}},null,null,"","znížená",0.02012,{"$f":"O161*H161","v":{"v":1.2071999999999998,"d":"1.20720"}},{"v":0.106,"d":"0.10600"},{"$f":"Q161*H161","v":{"v":6.359999999999999,"d":"6.36000"}},{"v":0,"d":"0.00000"},{"$f":"S161*H161","v":{"v":0,"d":"0.00000"}},{"$nulls":23},"4",null,"K","2",{"$nulls":3},"ROZPOCET",{"$nulls":5},{"$f":"IF(N161=\"základná\",J161,0)","v":{"v":0,"d":"0.00"}},{"$f":"IF(N161=\"znížená\",J161,0)","v":{"v":0,"d":"0.00"}},{"$f":"IF(N161=\"zákl. prenesená\",J161,0)","v":{"v":0,"d":"0.00"}},{"$f":"IF(N161=\"zníž. prenesená\",J161,0)","v":{"v":0,"d":"0.00"}},{"$f":"IF(N161=\"nulová\",J161,0)","v":{"v":0,"d":"0.00"}},"2",{"$f":"ROUND(I161*H161,3)","v":{"v":0,"d":"0.000"}},"4","1484714804"]
[null,null,"26","K","564732111.S","Podklad alebo kryt z kameniva hrubého drveného veľ. 32-63 mm (vibr.štrk) po zhut.hr. 100 mm","m2",{"v":60,"d":"60.000"},{"v":0,"d":"0.000"},{"v":0,"d":"0.000"},null,null,"","znížená",0.04912,{"v":2.9471999999999996,"d":"2.94720"},0.25094,{"v":15.0564,"d":"15.05640"},{"v":0,"d":"0.00000"},{"v":0,"d":"0.00000"},{"$nulls":23},"4",null,"K","2",{"$nulls":3},"ROZPOCET",{"$nulls":5},{"v":0,"d":"0.00"},{"v":0,"d":"0.00"},{"v":0,"d":"0.00"},{"v":0,"d":"0.00"},{"v":0,"d":"0.00"},"2",{"v":0,"d":"0.000"},"4","-1086429636"]
[null,null,"27","K","564750211.S","Podklad alebo kryt z kameniva hrubého drveného veľ. 0-32 mm s rozprestretím a zhutnením hr. 150 mm","m2",{"v":137,"d":"137.000"},{"v":0,"d":"0.000"},{"v":0,"d":"0.000"},null,null,"","znížená",{"v":0.026,"d":"0.02600"},{"v":3.562,"d":"3.56200"},{"v":0.299,"d":"0.29900"},{"v":40.963,"d":"40.96300"},{"v":0,"d":"0.00000"},{"v":0,"d":"0.00000"},{"$nulls":23},"4",null,"K","2",{"$nulls":3},"ROZPOCET",{"$nulls":5},{"v":0,"d":"0.00"},{"v":0,"d":"0.00"},{"v":0,"d":"0.00"},{"v":0,"d":"0.00"},{"v":0,"d":"0.00"},"2",{"v":0,"d":"0.000"},"4","-438753276"]
[null,null,"28","K","564811111.S","Podklad zo štrkodrviny s rozprestretím a zhutnením, po zhutnení hr. 50 mm","m2",{"v":137,"d":"137.000"},{"v":0,"d":"0.000"},{"v":0,"d":"0.000"},null,null,"","znížená",0.02012,2.75644,{"v":0.0982,"d":"0.09820"},{"v":13.4534,"d":"13.45340"},{"v":0,"d":"0.00000"},{"v":0,"d":"0.00000"},{"$nulls":23},"4",null,"K","2",{"$nulls":3},"ROZPOCET",{"$nulls":5},{"v":0,"d":"0.00"},{"v":0,"d":"0.00"},{"v":0,"d":"0.00"},{"v":0,"d":"0.00"},{"v":0,"d":"0.00"},"2",{"v":0,"d":"0.000"},"4","788607108"]
[null,null,"29","K","567122111.S","Podklad z kameniva stmeleného cementom, s rozprestretím a zhutnením CBGM C 8/10 (C 6/8), po zhutnení hr. 120 mm","m2",{"v":60,"d":"60.000"},{"v":0,"d":"0.000"},{"v":0,"d":"0.000"},null,null,"","znížená",0.02412,{"v":1.4472,"d":"1.44720"},0.28731,{"v":17.2386,"d":"17.23860"},{"v":0,"d":"0.00000"},{"v":0,"d":"0.00000"},{"$nulls":23},"4",null,"K","2",{"$nulls":3},"ROZPOCET",{"$nulls":5},{"v":0,"d":"0.00"},{"v":0,"d":"0.00"},{"v":0,"d":"0.00"},{"v":0,"d":"0.00"},{"v":0,"d":"0.00"},"2",{"v":0,"d":"0.000"},"4","1988646901"]
[null,null,"30","K","564750211.S","Podklad alebo kryt z kameniva hrubého drveného veľ. 0-32 mm s rozprestretím a zhutnením hr. 150 mm","m2",{"v":568.33,"d":"568.330"},{"v":0,"d":"0.000"},{"v":0,"d":"0.000"},null,null,"","znížená",{"v":0.026,"d":"0.02600"},{"v":14.776580000000001,"d":"14.77658"},{"v":0.299,"d":"0.29900"},169.93067,{"v":0,"d":"0.00000"},{"v":0,"d":"0.00000"},{"$nulls":23},"4",null,"K","2",{"$nulls":3},"ROZPOCET",{"$nulls":5},{"v":0,"d":"0.00"},{"v":0,"d":"0.00"},{"v":0,"d":"0.00"},{"v":0,"d":"0.00"},{"v":0,"d":"0.00"},"2",{"v":0,"d":"0.000"},"4","-1196645378"]
[null,null,"31","K","564801111.S","Podklad zo štrkodrviny s rozprestretím a zhutnením, po zhutnení hr. 30 mm","m2",{"v":568.33,"d":"568.330"},{"v":0,"d":"0.000"},{"v":0,"d":"0.000"},null,null,"","znížená",0.01912,{"v":10.866469600000002,"d":"10.86647"},0.06185,{"v":35.151210500000005,"d":"35.15121"},{"v":0,"d":"0.00000"},{"v":0,"d":"0.00000"},{"$nulls":23},"4",null,"K","2",{"$nulls":3},"ROZPOCET",{"$nulls":5},{"v":0,"d":"0.00"},{"v":0,"d":"0.00"},{"v":0,"d":"0.00"},{"v":0,"d":"0.00"},{"v":0,"d":"0.00"},"2",{"v":0,"d":"0.000"},"4","208587485"]
[null,null,"32","K","589100006.S","Položenie umelej trávy na viacúčelové povrchy","m2",{"v":568.33,"d":"568.330"},{"v":0,"d":"0.000"},{"v":0,"d":"0.000"},null,null,"","znížená",{"v":0.23,"d":"0.23000"},{"v":130.7159,"d":"130.71590"},{"v":2.7E-4,"d":"0.00027"},{"v":0.1534491,"d":"0.15345"},{"v":0,"d":"0.00000"},{"v":0,"d":"0.00000"},{"$nulls":23},"4",null,"K","2",{"$nulls":3},"ROZPOCET",{"$nulls":5},{"v":0,"d":"0.00"},{"v":0,"d":"0.00"},{"v":0,"d":"0.00"},{"v":0,"d":"0.00"},{"v":0,"d":"0.00"},"2",{"v":0,"d":"0.000"},"4","129174257"]
[null,null,"33","M","284170005200.S","Umelá tráva viacúčelová,výška vlasu 20 mm ± 2 mm","m2",{"v":568.33,"d":"568.330"},{"v":0,"d":"0.000"},{"v":0,"d":"0.000"},null,null,"","znížená",{"v":0,"d":"0.00000"},{"v":0,"d":"0.00000"},{"v":1.8E-3,"d":"0.00180"},{"v":1.022994,"d":"1.02299"},{"v":0,"d":"0.00000"},{"v":0,"d":"0.00000"},{"$nulls":23},"8",null,"M","2",{"$nulls":3},"ROZPOCET",{"$nulls":5},{"v":0,"d":"0.00"},{"v":0,"d":"0.00"},{"v":0,"d":"0.00"},{"v":0,"d":"0.00"},{"v":0,"d":"0.00"},"2",{"v":0,"d":"0.000"},"4","232637785"]
[null,null,"34","K","564811111.S","Podklad zo štrkodrviny s rozprestretím a zhutnením, po zhutnení hr. 50 mm","m2",{"v":80,"d":"80.000"},{"v":0,"d":"0.000"},{"v":0,"d":"0.000"},null,null,"","znížená",0.02012,{"v":1.6096,"d":"1.60960"},{"v":0.0982,"d":"0.09820"},{"v":7.856,"d":"7.85600"},{"v":0,"d":"0.00000"},{"v":0,"d":"0.00000"},{"$nulls":23},"4",null,"K","2",{"$nulls":3},"ROZPOCET",{"$nulls":5},{"v":0,"d":"0.00"},{"v":0,"d":"0.00"},{"v":0,"d":"0.00"},{"v":0,"d":"0.00"},{"v":0,"d":"0.00"},"2",{"v":0,"d":"0.000"},"4","1839384198"]
[null,null,"35","K","589116113.S","Kryt plôch pre telovýchovu-antukových hr. do 20 mm","m2",{"v":80,"d":"80.000"},{"v":0,"d":"0.000"},{"v":0,"d":"0.000"},null,null,"","znížená",{"v":0.025,"d":"0.02500"},{"v":2,"d":"2.00000"},{"v":0.0681,"d":"0.06810"},{"v":5.4479999999999995,"d":"5.44800"},{"v":0,"d":"0.00000"},{"v":0,"d":"0.00000"},{"$nulls":23},"4",null,"K","2",{"$nulls":3},"ROZPOCET",{"$nulls":5},{"v":0,"d":"0.00"},{"v":0,"d":"0.00"},{"v":0,"d":"0.00"},{"v":0,"d":"0.00"},{"v":0,"d":"0.00"},"2",{"v":0,"d":"0.000"},"4","-1441245603"]
[null,null,"36","K","596811311.S","Kladenie betónovej dlažby s vyplnením škár do lôžka z kameniva, veľ. do 0,09 m2 plochy od 50 do 100 m2","m2",{"v":137,"d":"137.000"},{"v":0,"d":"0.000"},{"v":0,"d":"0.000"},null,null,"","znížená",{"v":0.716,"d":"0.71600"},{"v":98.092,"d":"98.09200"},{"v":0.084,"d":"0.08400"},{"v":11.508000000000001,"d":"11.50800"},{"v":0,"d":"0.00000"},{"v":0,"d":"0.00000"},{"$nulls":23},"4",null,"K","2",{"$nulls":3},"ROZPOCET",{"$nulls":5},{"v":0,"d":"0.00"},{"v":0,"d":"0.00"},{"v":0,"d":"0.00"},{"v":0,"d":"0.00"},{"v":0,"d":"0.00"},"2",{"v":0,"d":"0.000"},"4","-1806553747"]
[null,null,"37","M","592460018100.S","Dlažba betónová, rozmer 100x200x30 mm, prírodná","m2",{"v":138.37,"d":"138.370"},{"v":0,"d":"0.000"},{"v":0,"d":"0.000"},null,null,"","znížená",{"v":0,"d":"0.00000"},{"v":0,"d":"0.00000"},{"v":0.09,"d":"0.09000"},{"v":12.4533,"d":"12.45330"},{"v":0,"d":"0.00000"},{"v":0,"d":"0.00000"},{"$nulls":23},"8",null,"M","2",{"$nulls":3},"ROZPOCET",{"$nulls":5},{"v":0,"d":"0.00"},{"v":0,"d":"0.00"},{"v":0,"d":"0.00"},{"v":0,"d":"0.00"},{"v":0,"d":"0.00"},"2",{"v":0,"d":"0.000"},"4","1461503288"]
[null,null,"38","K","596911116.S","Kladenie stupníc do lôžka v rov.-sv. do 1:5","m2",{"v":3,"d":"3.000"},{"v":0,"d":"0.000"},{"v":0,"d":"0.000"},null,null,"","znížená",0.38943,1.16829,{"v":0,"d":"0.00000"},{"v":0,"d":"0.00000"},{"v":0,"d":"0.00000"},{"v":0,"d":"0.00000"},{"$nulls":23},"4",null,"K","2",{"$nulls":3},"ROZPOCET",{"$nulls":5},{"v":0,"d":"0.00"},{"v":0,"d":"0.00"},{"v":0,"d":"0.00"},{"v":0,"d":"0.00"},{"v":0,"d":"0.00"},"2",{"v":0,"d":"0.000"},"4","2018580551"]
[null,null,"39","M","583840004100","Doskovitý kameň, šlapák - andezit, priemer 300-700 mm, hrúbka 100-150 mm","m2",{"v":3,"d":"3.000"},{"v":0,"d":"0.000"},{"v":0,"d":"0.000"},null,null,"","znížená",{"v":0,"d":"0.00000"},{"v":0,"d":"0.00000"},{"v":0.25,"d":"0.25000"},{"v":0.75,"d":"0.75000"},{"v":0,"d":"0.00000"},{"v":0,"d":"0.00000"},{"$nulls":23},"8",null,"M","2",{"$nulls":3},"ROZPOCET",{"$nulls":5},{"v":0,"d":"0.00"},{"v":0,"d":"0.00"},{"v":0,"d":"0.00"},{"v":0,"d":"0.00"},{"v":0,"d":"0.00"},"2",{"v":0,"d":"0.000"},"4","-2090151053"]
[{"$nulls":3},"D","9","Ostatné konštrukcie a práce-búranie",{"$nulls":3},{"$f":"BK176","v":{"v":0,"d":"0.000"}},{"$nulls":5},{"$f":"SUM(P177:P182)","v":{"v":78.23,"d":"78.23000"}},null,{"$f":"SUM(R177:R182)","v":{"v":38.982402,"d":"38.98240"}},null,{"$f":"SUM(T177:T182)","v":{"v":10.934000000000001,"d":"10.93400"}},{"$nulls":23},"1",null,"D","1",{"$nulls":3},"ROZPOCET",{"$nulls":11},{"$f":"SUM(BK177:BK182)","v":{"v":0,"d":"0.000"}}]
[null,null,"40","K","916561112.S","Osadenie záhonového alebo parkového obrubníka betón., do lôžka z bet. pros. tr. C 16/20 s bočnou oporou","m",{"v":304.2,"d":"304.200"},{"v":0,"d":"0.000"},{"$f":"ROUND(I177*H177,3)","v":{"v":0,"d":"0.000"}},null,null,"","znížená",{"v":0.132,"d":"0.13200"},{"$f":"O177*H177","v":{"v":40.1544,"d":"40.15440"}},0.09853,{"$f":"Q177*H177","v":{"v":29.972826,"d":"29.97283"}},{"v":0,"d":"0.00000"},{"$f":"S177*H177","v":{"v":0,"d":"0.00000"}},{"$nulls":23},"4",null,"K","2",{"$nulls":3},"ROZPOCET",{"$nulls":5},{"$f":"IF(N177=\"základná\",J177,0)","v":{"v":0,"d":"0.00"}},{"$f":"IF(N177=\"znížená\",J177,0)","v":{"v":0,"d":"0.00"}},{"$f":"IF(N177=\"zákl. prenesená\",J177,0)","v":{"v":0,"d":"0.00"}},{"$f":"IF(N177=\"zníž. prenesená\",J177,0)","v":{"v":0,"d":"0.00"}},{"$f":"IF(N177=\"nulová\",J177,0)","v":{"v":0,"d":"0.00"}},"2",{"$f":"ROUND(I177*H177,3)","v":{"v":0,"d":"0.000"}},"4","-359771822"]
[null,null,"41","M","592170001800.S","Obrubník parkový, lxšxv 1000x50x200 mm, prírodný","ks",307.242,{"v":0,"d":"0.000"},{"v":0,"d":"0.000"},null,null,"","znížená",{"v":0,"d":"0.00000"},{"v":0,"d":"0.00000"},{"v":0.023,"d":"0.02300"},{"v":7.066566,"d":"7.06657"},{"v":0,"d":"0.00000"},{"v":0,"d":"0.00000"},{"$nulls":23},"8",null,"M","2",{"$nulls":3},"ROZPOCET",{"$nulls":5},{"v":0,"d":"0.00"},{"v":0,"d":"0.00"},{"v":0,"d":"0.00"},{"v":0,"d":"0.00"},{"v":0,"d":"0.00"},"2",{"v":0,"d":"0.000"},"4","-1386370391"]
[null,null,"42","K","936124121.S","Osadenie parkovej lavičky so zabetonováním nôh","ks",{"v":9,"d":"9.000"},{"v":0,"d":"0.000"},{"v":0,"d":"0.000"},null,null,"","znížená",{"v":0.818,"d":"0.81800"},{"v":7.361999999999999,"d":"7.36200"},0.20089,{"v":1.8080100000000001,"d":"1.80801"},{"v":0,"d":"0.00000"},{"v":0,"d":"0.00000"},{"$nulls":23},"4",null,"K","2",{"$nulls":3},"ROZPOCET",{"$nulls":5},{"v":0,"d":"0.00"},{"v":0,"d":"0.00"},{"v":0,"d":"0.00"},{"v":0,"d":"0.00"},{"v":0,"d":"0.00"},"2",{"v":0,"d":"0.000"},"4","-1028892485"]
[null,null,"43","M","553560001000.S","Lavička parková s operadlom MIELA LME151t farba, konštrukcia jakl , sedadlo a operadlo z dosiek z severskej borovice vypaľované farbou, dĺžky 1760 mmx580x800 mm","ks",{"v":9,"d":"9.000"},{"v":0,"d":"0.000"},{"v":0,"d":"0.000"},null,null,"","znížená",{"v":0,"d":"0.00000"},{"v":0,"d":"0.00000"},{"v":0.015,"d":"0.01500"},{"v":0.135,"d":"0.13500"},{"v":0,"d":"0.00000"},{"v":0,"d":"0.00000"},{"$nulls":23},"8",null,"M","2",{"$nulls":3},"ROZPOCET",{"$nulls":5},{"v":0,"d":"0.00"},{"v":0,"d":"0.00"},{"v":0,"d":"0.00"},{"v":0,"d":"0.00"},{"v":0,"d":"0.00"},"2",{"v":0,"d":"0.000"},"4","767953139"]
[null,null,"44","K","961043111","Búranie základov stlpikov oplotenia ,  -2,20000t","m3",{"v":4.8,"d":"4.800"},{"v":0,"d":"0.000"},{"v":0,"d":"0.000"},null,null,"","znížená",{"v":5.122,"d":"5.12200"},{"v":24.5856,"d":"24.58560"},{"v":0,"d":"0.00000"},{"v":0,"d":"0.00000"},{"v":2.2,"d":"2.20000"},{"v":10.56,"d":"10.56000"},{"$nulls":23},"4",null,"K","2",{"$nulls":3},"ROZPOCET",{"$nulls":5},{"v":0,"d":"0.00"},{"v":0,"d":"0.00"},{"v":0,"d":"0.00"},{"v":0,"d":"0.00"},{"v":0,"d":"0.00"},"2",{"v":0,"d":"0.000"},"4","-374507634"]
[null,null,"45","K","966641111.S","Odstránenie stojana basketbaloveho koša stojana pre ruske kolky , vrátane stĺpika alebo konzoly,  -0,18700t","ks",{"v":2,"d":"2.000"},{"v":0,"d":"0.000"},{"v":0,"d":"0.000"},null,null,"","znížená",{"v":3.064,"d":"3.06400"},{"v":6.128,"d":"6.12800"},{"v":0,"d":"0.00000"},{"v":0,"d":"0.00000"},{"v":0.187,"d":"0.18700"},{"v":0.374,"d":"0.37400"},{"$nulls":23},"4",null,"K","2",{"$nulls":3},"ROZPOCET",{"$nulls":5},{"v":0,"d":"0.00"},{"v":0,"d":"0.00"},{"v":0,"d":"0.00"},{"v":0,"d":"0.00"},{"v":0,"d":"0.00"},"2",{"v":0,"d":"0.000"},"4","870978748"]
[{"$nulls":3},"D","99","Presun hmôt HSV",{"$nulls":3},{"$f":"BK183","v":{"v":0,"d":"0.000"}},{"$nulls":5},{"$f":"P184","v":{"v":18.463997,"d":"18.46400"}},null,{"$f":"R184","v":{"v":0,"d":"0.00000"}},null,{"$f":"T184","v":{"v":0,"d":"0.00000"}},{"$nulls":23},"1",null,"D","1",{"$nulls":3},"ROZPOCET",{"$nulls":11},{"$f":"BK184","v":{"v":0,"d":"0.000"}}]
[null,null,"46","K","998222011.S","Presun hmôt pre pozemné komunikácie s krytom z kameniva (8222, 8225) akejkoľvek dĺžky objektu","t",392.851,{"v":0,"d":"0.000"},{"$f":"ROUND(I184*H184,3)","v":{"v":0,"d":"0.000"}},null,null,"","znížená",{"v":0.047,"d":"0.04700"},{"$f":"O184*H184","v":{"v":18.463997,"d":"18.46400"}},{"v":0,"d":"0.00000"},{"$f":"Q184*H184","v":{"v":0,"d":"0.00000"}},{"v":0,"d":"0.00000"},{"$f":"S184*H184","v":{"v":0,"d":"0.00000"}},{"$nulls":23},"4",null,"K","2",{"$nulls":3},"ROZPOCET",{"$nulls":5},{"$f":"IF(N184=\"základná\",J184,0)","v":{"v":0,"d":"0.00"}},{"$f":"IF(N184=\"znížená\",J184,0)","v":{"v":0,"d":"0.00"}},{"$f":"IF(N184=\"zákl. prenesená\",J184,0)","v":{"v":0,"d":"0.00"}},{"$f":"IF(N184=\"zníž. prenesená\",J184,0)","v":{"v":0,"d":"0.00"}},{"$f":"IF(N184=\"nulová\",J184,0)","v":{"v":0,"d":"0.00"}},"2",{"$f":"ROUND(I184*H184,3)","v":{"v":0,"d":"0.000"}},"4","-1125825038"]
[{"$nulls":3},"D","PSV","Práce a dodávky PSV",{"$nulls":3},{"$f":"BK185","v":{"v":0,"d":"0.000"}},{"$nulls":5},{"$f":"P186+P189+P194+P197+P208","v":{"v":72.13879759999999,"d":"72.13880"}},null,{"$f":"R186+R189+R194+R197+R208","v":{"v":0.7494644000000001,"d":"0.74946"}},null,{"$f":"T186+T189+T194+T197+T208","v":{"v":0.954,"d":"0.95400"}},{"$nulls":23},"2",null,"D","0",{"$nulls":3},"ROZPOCET",{"$nulls":11},{"$f":"BK186+BK189+BK194+BK197+BK208","v":{"v":0,"d":"0.000"}}]
[{"$nulls":3},"D","713","Izolácie tepelné",{"$nulls":3},{"$f":"BK186","v":{"v":0,"d":"0.000"}},{"$nulls":5},{"$f":"SUM(P187:P188)","v":0.26216},null,{"$f":"SUM(R187:R188)","v":{"v":4.08e-05,"d":"0.00004"}},null,{"$f":"SUM(T187:T188)","v":{"v":0,"d":"0.00000"}},{"$nulls":23},"2",null,"D","1",{"$nulls":3},"ROZPOCET",{"$nulls":11},{"$f":"SUM(BK187:BK188)","v":{"v":0,"d":"0.000"}}]
[null,null,"47","K","713482111","Montáž trubíc z PE, hr.do 10 mm,vnút.priemer do 38 mm","m",{"v":2,"d":"2.000"},{"v":0,"d":"0.000"},{"$f":"ROUND(I187*H187,3)","v":{"v":0,"d":"0.000"}},null,null,"","znížená",0.13108,{"$f":"O187*H187","v":0.26216},{"v":0,"d":"0.00000"},{"$f":"Q187*H187","v":{"v":0,"d":"0.00000"}},{"v":0,"d":"0.00000"},{"$f":"S187*H187","v":{"v":0,"d":"0.00000"}},{"$nulls":23},"16",null,"K","2",{"$nulls":3},"ROZPOCET",{"$nulls":5},{"$f":"IF(N187=\"základná\",J187,0)","v":{"v":0,"d":"0.00"}},{"$f":"IF(N187=\"znížená\",J187,0)","v":{"v":0,"d":"0.00"}},{"$f":"IF(N187=\"zákl. prenesená\",J187,0)","v":{"v":0,"d":"0.00"}},{"$f":"IF(N187=\"zníž. prenesená\",J187,0)","v":{"v":0,"d":"0.00"}},{"$f":"IF(N187=\"nulová\",J187,0)","v":{"v":0,"d":"0.00"}},"2",{"$f":"ROUND(I187*H187,3)","v":{"v":0,"d":"0.000"}},"16","-678152231"]
[null,null,"48","M","283310004500","Izolačná PE trubica TUBOLIT DG 15x20 mm (d potrubia x hr. izolácie), nadrezaná, AZ FLEX","m",{"v":2.04,"d":"2.040"},{"v":0,"d":"0.000"},{"$f":"ROUND(I188*H188,3)","v":{"v":0,"d":"0.000"}},null,null,"","znížená",{"v":0,"d":"0.00000"},{"$f":"O188*H188","v":{"v":0,"d":"0.00000"}},{"v":2e-05,"d":"0.00002"},{"$f":"Q188*H188","v":{"v":4.08e-05,"d":"0.00004"}},{"v":0,"d":"0.00000"},{"$f":"S188*H188","v":{"v":0,"d":"0.00000"}},{"$nulls":23},"32",null,"M","2",{"$nulls":3},"ROZPOCET",{"$nulls":5},{"$f":"IF(N188=\"základná\",J188,0)","v":{"v":0,"d":"0.00"}},{"$f":"IF(N188=\"znížená\",J188,0)","v":{"v":0,"d":"0.00"}},{"$f":"IF(N188=\"zákl. prenesená\",J188,0)","v":{"v":0,"d":"0.00"}},{"$f":"IF(N188=\"zníž. prenesená\",J188,0)","v":{"v":0,"d":"0.00"}},{"$f":"IF(N188=\"nulová\",J188,0)","v":{"v":0,"d":"0.00"}},"2",{"$f":"ROUND(I188*H188,3)","v":{"v":0,"d":"0.000"}},"16","-970178709"]
[{"$nulls":3},"D","722","Zdravotechnika - vnútorný vodovod",{"$nulls":3},{"$f":"BK189","v":{"v":0,"d":"0.000"}},{"$nulls":5},{"$f":"SUM(P190:P193)","v":{"v":1.2505199999999999,"d":"1.25052"}},null,{"$f":"SUM(R190:R193)","v":{"v":1E-3,"d":"0.00100"}},null,{"$f":"SUM(T190:T193)","v":{"v":0,"d":"0.00000"}},{"$nulls":23},"2",null,"D","1",{"$nulls":3},"ROZPOCET",{"$nulls":11},{"$f":"SUM(BK190:BK193)","v":{"v":0,"d":"0.000"}}]
[null,null,"49","K","722172327.S","Montáž vodovodného PP-R potrubia polyfúznym zváraním PN 16 D 16","m",{"v":4,"d":"4.000"},{"v":0,"d":"0.000"},{"$f":"ROUND(I190*H190,3)","v":{"v":0,"d":"0.000"}},null,null,"","znížená",0.25005,{"$f":"O190*H190","v":{"v":1.0002,"d":"1.00020"}},{"v":0,"d":"0.00000"},{"$f":"Q190*H190","v":{"v":0,"d":"0.00000"}},{"v":0,"d":"0.00000"},{"$f":"S190*H190","v":{"v":0,"d":"0.00000"}},{"$nulls":23},"16",null,"K","2",{"$nulls":3},"ROZPOCET",{"$nulls":5},{"$f":"IF(N190=\"základná\",J190,0)","v":{"v":0,"d":"0.00"}},{"$f":"IF(N190=\"znížená\",J190,0)","v":{"v":0,"d":"0.00"}},{"$f":"IF(N190=\"zákl. prenesená\",J190,0)","v":{"v":0,"d":"0.00"}},{"$f":"IF(N190=\"zníž. prenesená\",J190,0)","v":{"v":0,"d":"0.00"}},{"$f":"IF(N190=\"nulová\",J190,0)","v":{"v":0,"d":"0.00"}},"2",{"$f":"ROUND(I190*H190,3)","v":{"v":0,"d":"0.000"}},"16","-1280696247"]
[null,null,"50","M","286140019600.S","Rúra PP-R D 16x2,2 mm dĺ. 4 m PN 16, systém pre rozvod pitnej, studenej a teplej vody","m",{"v":4,"d":"4.000"},{"v":0,"d":"0.000"},{"$f":"ROUND(I191*H191,3)","v":{"v":0,"d":"0.000"}},null,null,"","znížená",{"v":0,"d":"0.00000"},{"$f":"O191*H191","v":{"v":0,"d":"0.00000"}},{"v":1E-4,"d":"0.00010"},{"$f":"Q191*H191","v":{"v":0.0004,"d":"0.00040"}},{"v":0,"d":"0.00000"},{"$f":"S191*H191","v":{"v":0,"d":"0.00000"}},{"$nulls":23},"32",null,"M","2",{"$nulls":3},"ROZPOCET",{"$nulls":5},{"$f":"IF(N191=\"základná\",J191,0)","v":{"v":0,"d":"0.00"}},{"$f":"IF(N191=\"znížená\",J191,0)","v":{"v":0,"d":"0.00"}},{"$f":"IF(N191=\"zákl. prenesená\",J191,0)","v":{"v":0,"d":"0.00"}},{"$f":"IF(N191=\"zníž. prenesená\",J191,0)","v":{"v":0,"d":"0.00"}},{"$f":"IF(N191=\"nulová\",J191,0)","v":{"v":0,"d":"0.00"}},"2",{"$f":"ROUND(I191*H191,3)","v":{"v":0,"d":"0.000"}},"16","-1311231158"]
[null,null,"51","K","722221082.S","Montáž guľového kohúta vypúšťacieho závitového G 1/2","ks",{"v":2,"d":"2.000"},{"v":0,"d":"0.000"},{"$f":"ROUND(I192*H192,3)","v":{"v":0,"d":"0.000"}},null,null,"","znížená",0.12516,{"$f":"O192*H192","v":0.25032},{"v":2e-05,"d":"0.00002"},{"$f":"Q192*H192","v":{"v":4e-05,"d":"0.00004"}},{"v":0,"d":"0.00000"},{"$f":"S192*H192","v":{"v":0,"d":"0.00000"}},{"$nulls":23},"16",null,"K","2",{"$nulls":3},"ROZPOCET",{"$nulls":5},{"$f":"IF(N192=\"základná\",J192,0)","v":{"v":0,"d":"0.00"}},{"$f":"IF(N192=\"znížená\",J192,0)","v":{"v":0,"d":"0.00"}},{"$f":"IF(N192=\"zákl. prenesená\",J192,0)","v":{"v":0,"d":"0.00"}},{"$f":"IF(N192=\"zníž. prenesená\",J192,0)","v":{"v":0,"d":"0.00"}},{"$f":"IF(N192=\"nulová\",J192,0)","v":{"v":0,"d":"0.00"}},"2",{"$f":"ROUND(I192*H192,3)","v":{"v":0,"d":"0.000"}},"16","-1435540472"]
[null,null,"52","M","551110011900","Guľový uzáver zahradný nezámrzný, 1/2\" M, d 16 mm, páčka, niklovaná mosadz, IVAR.CIM 34/1","ks",{"v":2,"d":"2.000"},{"v":0,"d":"0.000"},{"$f":"ROUND(I193*H193,3)","v":{"v":0,"d":"0.000"}},null,null,"","znížená",{"v":0,"d":"0.00000"},{"$f":"O193*H193","v":{"v":0,"d":"0.00000"}},0.00028,{"$f":"Q193*H193","v":0.00056},{"v":0,"d":"0.00000"},{"$f":"S193*H193","v":{"v":0,"d":"0.00000"}},{"$nulls":23},"32",null,"M","2",{"$nulls":3},"ROZPOCET",{"$nulls":5},{"$f":"IF(N193=\"základná\",J193,0)","v":{"v":0,"d":"0.00"}},{"$f":"IF(N193=\"znížená\",J193,0)","v":{"v":0,"d":"0.00"}},{"$f":"IF(N193=\"zákl. prenesená\",J193,0)","v":{"v":0,"d":"0.00"}},{"$f":"IF(N193=\"zníž. prenesená\",J193,0)","v":{"v":0,"d":"0.00"}},{"$f":"IF(N193=\"nulová\",J193,0)","v":{"v":0,"d":"0.00"}},"2",{"$f":"ROUND(I193*H193,3)","v":{"v":0,"d":"0.000"}},"16","1136364220"]
[{"$nulls":3},"D","725","Zdravotechnika - zariaďovacie predmety",{"$nulls":3},{"$f":"BK194","v":{"v":0,"d":"0.000"}},{"$nulls":5},{"$f":"SUM(P195:P196)","v":1.76096},null,{"$f":"SUM(R195:R196)","v":{"v":1.8E-3,"d":"0.00180"}},null,{"$f":"SUM(T195:T196)","v":{"v":0,"d":"0.00000"}},{"$nulls":23},"2",null,"D","1",{"$nulls":3},"ROZPOCET",{"$nulls":11},{"$f":"SUM(BK195:BK196)","v":{"v":0,"d":"0.000"}}]
[null,null,"53","K","725939101.S","Montáž pitnej fontánky G 1/2","ks",{"v":2,"d":"2.000"},{"v":0,"d":"0.000"},{"$f":"ROUND(I195*H195,3)","v":{"v":0,"d":"0.000"}},null,null,"","znížená",0.88048,{"$f":"O195*H195","v":1.76096},{"v":0,"d":"0.00000"},{"$f":"Q195*H195","v":{"v":0,"d":"0.00000"}},{"v":0,"d":"0.00000"},{"$f":"S195*H195","v":{"v":0,"d":"0.00000"}},{"$nulls":23},"16",null,"K","2",{"$nulls":3},"ROZPOCET",{"$nulls":5},{"$f":"IF(N195=\"základná\",J195,0)","v":{"v":0,"d":"0.00"}},{"$f":"IF(N195=\"znížená\",J195,0)","v":{"v":0,"d":"0.00"}},{"$f":"IF(N195=\"zákl. prenesená\",J195,0)","v":{"v":0,"d":"0.00"}},{"$f":"IF(N195=\"zníž. prenesená\",J195,0)","v":{"v":0,"d":"0.00"}},{"$f":"IF(N195=\"nulová\",J195,0)","v":{"v":0,"d":"0.00"}},"2",{"$f":"ROUND(I195*H195,3)","v":{"v":0,"d":"0.000"}},"16","916453748"]
[null,null,"54","M","552340000400","Fontánka pitná nerezová určená k montáži ku stene s tlačnou pitnou armatúrou, SANELA","ks",{"v":2,"d":"2.000"},{"v":0,"d":"0.000"},{"$f":"ROUND(I196*H196,3)","v":{"v":0,"d":"0.000"}},null,null,"","znížená",{"v":0,"d":"0.00000"},{"$f":"O196*H196","v":{"v":0,"d":"0.00000"}},{"v":0.0009,"d":"0.00090"},{"$f":"Q196*H196","v":{"v":1.8E-3,"d":"0.00180"}},{"v":0,"d":"0.00000"},{"$f":"S196*H196","v":{"v":0,"d":"0.00000"}},{"$nulls":23},"32",null,"M","2",{"$nulls":3},"ROZPOCET",{"$nulls":5},{"$f":"IF(N196=\"základná\",J196,0)","v":{"v":0,"d":"0.00"}},{"$f":"IF(N196=\"znížená\",J196,0)","v":{"v":0,"d":"0.00"}},{"$f":"IF(N196=\"zákl. prenesená\",J196,0)","v":{"v":0,"d":"0.00"}},{"$f":"IF(N196=\"zníž. prenesená\",J196,0)","v":{"v":0,"d":"0.00"}},{"$f":"IF(N196=\"nulová\",J196,0)","v":{"v":0,"d":"0.00"}},"2",{"$f":"ROUND(I196*H196,3)","v":{"v":0,"d":"0.000"}},"16","648146405"]
[{"$nulls":3},"D","767","Konštrukcie doplnkové kovové",{"$nulls":3},{"$f":"BK197","v":{"v":0,"d":"0.000"}},{"$nulls":5},{"$f":"SUM(P198:P207)","v":{"v":63.29807999999999,"d":"63.29808"}},null,{"$f":"SUM(R198:R207)","v":{"v":0.5589400000000001,"d":"0.55894"}},null,{"$f":"SUM(T198:T207)","v":{"v":0.954,"d":"0.95400"}},{"$nulls":23},"2",null,"D","1",{"$nulls":3},"ROZPOCET",{"$nulls":11},{"$f":"SUM(BK198:BK207)","v":{"v":0,"d":"0.000"}}]
[null,null,"55","K","767879001","Demontáž stlpikov pre ploty a stĺpy","ks",{"v":24,"d":"24.000"},{"v":0,"d":"0.000"},{"$f":"ROUND(I198*H198,3)","v":{"v":0,"d":"0.000"}},null,null,"","znížená",{"v":0.155,"d":"0.15500"},{"$f":"O198*H198","v":{"v":3.7199999999999998,"d":"3.72000"}},{"v":0,"d":"0.00000"},{"$f":"Q198*H198","v":{"v":0,"d":"0.00000"}},{"v":1.5E-3,"d":"0.00150"},{"$f":"S198*H198","v":{"v":0.036000000000000004,"d":"0.03600"}},{"$nulls":23},"16",null,"K","2",{"$nulls":3},"ROZPOCET",{"$nulls":5},{"$f":"IF(N198=\"základná\",J198,0)","v":{"v":0,"d":"0.00"}},{"$f":"IF(N198=\"znížená\",J198,0)","v":{"v":0,"d":"0.00"}},{"$f":"IF(N198=\"zákl. prenesená\",J198,0)","v":{"v":0,"d":"0.00"}},{"$f":"IF(N198=\"zníž. prenesená\",J198,0)","v":{"v":0,"d":"0.00"}},{"$f":"IF(N198=\"nulová\",J198,0)","v":{"v":0,"d":"0.00"}},"2",{"$f":"ROUND(I198*H198,3)","v":{"v":0,"d":"0.000"}},"16","-270894658"]
[null,null,"56","K","767911130","Montáž oplotenia strojového pletiva, s výškou nad 1,6 m","m",{"v":103,"d":"103.000"},{"v":0,"d":"0.000"},{"v":0,"d":"0.000"},null,null,"","znížená",0.15028,15.47884,{"v":0,"d":"0.00000"},{"v":0,"d":"0.00000"},{"v":0,"d":"0.00000"},{"v":0,"d":"0.00000"},{"$nulls":23},"16",null,"K","2",{"$nulls":3},"ROZPOCET",{"$nulls":5},{"v":0,"d":"0.00"},{"v":0,"d":"0.00"},{"v":0,"d":"0.00"},{"v":0,"d":"0.00"},{"v":0,"d":"0.00"},"2",{"v":0,"d":"0.000"},"16","-146200017"]
[null,null,"57","M","313290001100","Pletivo poplastované pletené štvorhranné FLUIDEX 524, oko 50 mm, drôt d 2,4 mm, vxl 2,5x25 m, bez napínacieho drôtu, RAL6005, DIRICKX","bal",{"v":8.2,"d":"8.200"},{"v":0,"d":"0.000"},{"v":0,"d":"0.000"},null,null,"","znížená",{"v":0,"d":"0.00000"},{"v":0,"d":"0.00000"},{"v":0.061,"d":"0.06100"},{"v":0.5002,"d":"0.50020"},{"v":0,"d":"0.00000"},{"v":0,"d":"0.00000"},{"$nulls":23},"32",null,"M","2",{"$nulls":3},"ROZPOCET",{"$nulls":5},{"v":0,"d":"0.00"},{"v":0,"d":"0.00"},{"v":0,"d":"0.00"},{"v":0,"d":"0.00"},{"v":0,"d":"0.00"},"2",{"v":0,"d":"0.000"},"16","1749669001"]
[null,null,"58","M","156150001800","Drôt viazací PVC (biely,zelený) 1,5/100 m, DIRICKX","ks",{"v":2,"d":"2.000"},{"v":0,"d":"0.000"},{"v":0,"d":"0.000"},null,null,"","znížená",{"v":0,"d":"0.00000"},{"v":0,"d":"0.00000"},{"v":0.0008,"d":"0.00080"},{"v":0.0016,"d":"0.00160"},{"v":0,"d":"0.00000"},{"v":0,"d":"0.00000"},{"$nulls":23},"32",null,"M","2",{"$nulls":3},"ROZPOCET",{"$nulls":5},{"v":0,"d":"0.00"},{"v":0,"d":"0.00"},{"v":0,"d":"0.00"},{"v":0,"d":"0.00"},{"v":0,"d":"0.00"},"2",{"v":0,"d":"0.000"},"16","-617261304"]
[null,null,"59","K","767912130","Montáž napínacieho drôtu","m",{"v":412,"d":"412.000"},{"v":0,"d":"0.000"},{"v":0,"d":"0.000"},null,null,"","znížená",0.03402,14.01624,{"v":0,"d":"0.00000"},{"v":0,"d":"0.00000"},{"v":0,"d":"0.00000"},{"v":0,"d":"0.00000"},{"$nulls":23},"16",null,"K","2",{"$nulls":3},"ROZPOCET",{"$nulls":5},{"v":0,"d":"0.00"},{"v":0,"d":"0.00"},{"v":0,"d":"0.00"},{"v":0,"d":"0.00"},{"v":0,"d":"0.00"},"2",{"v":0,"d":"0.000"},"16","1489723146"]
[null,null,"60","M","156150000300.S","Drôt napínací poplastovaný D 2,4/100 m","ks",{"v":5.3,"d":"5.300"},{"v":0,"d":"0.000"},{"v":0,"d":"0.000"},null,null,"","znížená",{"v":0,"d":"0.00000"},{"v":0,"d":"0.00000"},{"v":0.0026,"d":"0.00260"},{"v":0.013779999999999999,"d":"0.01378"},{"v":0,"d":"0.00000"},{"v":0,"d":"0.00000"},{"$nulls":23},"32",null,"M","2",{"$nulls":3},"ROZPOCET",{"$nulls":5},{"v":0,"d":"0.00"},{"v":0,"d":"0.00"},{"v":0,"d":"0.00"},{"v":0,"d":"0.00"},{"v":0,"d":"0.00"},"2",{"v":0,"d":"0.000"},"16","-261757337"]
[null,null,"61","M","553510009300","Napinák PVC (biely, zelený) č.3 pre napínanie pletiva s napínacím drôtom","ks",{"v":32,"d":"32.000"},{"v":0,"d":"0.000"},{"v":0,"d":"0.000"},null,null,"","znížená",{"v":0,"d":"0.00000"},{"v":0,"d":"0.00000"},0.00013,0.00416,{"v":0,"d":"0.00000"},{"v":0,"d":"0.00000"},{"$nulls":23},"32",null,"M","2",{"$nulls":3},"ROZPOCET",{"$nulls":5},{"v":0,"d":"0.00"},{"v":0,"d":"0.00"},{"v":0,"d":"0.00"},{"v":0,"d":"0.00"},{"v":0,"d":"0.00"},"2",{"v":0,"d":"0.000"},"16","-1180840086"]
[null,null,"62","K","767914830","Demontáž oplotenia rámového na oceľové stĺpiky, výšky nad 1 do 2 m,  -0,00900t","m",{"v":102,"d":"102.000"},{"v":0,"d":"0.000"},{"v":0,"d":"0.000"},null,null,"","znížená",{"v":0.285,"d":"0.28500"},{"v":29.069999999999997,"d":"29.07000"},{"v":0,"d":"0.00000"},{"v":0,"d":"0.00000"},{"v":0.009,"d":"0.00900"},{"v":0.9179999999999999,"d":"0.91800"},{"$nulls":23},"16",null,"K","2",{"$nulls":3},"ROZPOCET",{"$nulls":5},{"v":0,"d":"0.00"},{"v":0,"d":"0.00"},{"v":0,"d":"0.00"},{"v":0,"d":"0.00"},{"v":0,"d":"0.00"},"2",{"v":0,"d":"0.000"},"16","1918161420"]
[null,null,"63","K","767920020","Montáž vrát a vrátok k panelovému oploteniu osadzovaných na stĺpiky oceľové, s plochou jednotlivo nad 2 do 4 m2","ks",{"v":1,"d":"1.000"},{"v":0,"d":"0.000"},{"v":0,"d":"0.000"},null,null,"","znížená",{"v":1.013,"d":"1.01300"},{"v":1.013,"d":"1.01300"},{"v":0,"d":"0.00000"},{"v":0,"d":"0.00000"},{"v":0,"d":"0.00000"},{"v":0,"d":"0.00000"},{"$nulls":23},"16",null,"K","2",{"$nulls":3},"ROZPOCET",{"$nulls":5},{"v":0,"d":"0.00"},{"v":0,"d":"0.00"},{"v":0,"d":"0.00"},{"v":0,"d":"0.00"},{"v":0,"d":"0.00"},"2",{"v":0,"d":"0.000"},"16","1606016964"]
[null,null,"64","M","553510010540","Bránka jednokrídlová, šxv 1,25x2,2 m, úprava Zn+PVC, výplň poplastovane pletivo ","ks",{"v":1,"d":"1.000"},{"v":0,"d":"0.000"},{"v":0,"d":"0.000"},null,null,"","znížená",{"v":0,"d":"0.00000"},{"v":0,"d":"0.00000"},{"v":0.0392,"d":"0.03920"},{"v":0.0392,"d":"0.03920"},{"v":0,"d":"0.00000"},{"v":0,"d":"0.00000"},{"$nulls":23},"32",null,"M","2",{"$nulls":3},"ROZPOCET",{"$nulls":5},{"v":0,"d":"0.00"},{"v":0,"d":"0.00"},{"v":0,"d":"0.00"},{"v":0,"d":"0.00"},{"v":0,"d":"0.00"},"2",{"v":0,"d":"0.000"},"16","-1555913397"]
[{"$nulls":3},"D","782","Obklady z prírodného a konglomerovaného kameňa",{"$nulls":3},{"$f":"BK208","v":{"v":0,"d":"0.000"}},{"$nulls":5},{"$f":"SUM(P209:P210)","v":{"v":5.567077600000001,"d":"5.56708"}},null,{"$f":"SUM(R209:R210)","v":{"v":0.1876836,"d":"0.18768"}},null,{"$f":"SUM(T209:T210)","v":{"v":0,"d":"0.00000"}},{"$nulls":23},"2",null,"D","1",{"$nulls":3},"ROZPOCET",{"$nulls":11},{"$f":"SUM(BK209:BK210)","v":{"v":0,"d":"0.000"}}]
[null,null,"65","K","782131140","Montáž obkladov stien pravouhl. doskami z mäkkých kameňov s lícom rovným, hr. do 50 mm","m2",{"v":2.12,"d":"2.120"},{"v":0,"d":"0.000"},{"$f":"ROUND(I209*H209,3)","v":{"v":0,"d":"0.000"}},null,null,"","znížená",2.62598,{"$f":"O209*H209","v":{"v":5.567077600000001,"d":"5.56708"}},0.02653,{"$f":"Q209*H209","v":{"v":0.056243600000000005,"d":"0.05624"}},{"v":0,"d":"0.00000"},{"$f":"S209*H209","v":{"v":0,"d":"0.00000"}},{"$nulls":23},"16",null,"K","2",{"$nulls":3},"ROZPOCET",{"$nulls":5},{"$f":"IF(N209=\"základná\",J209,0)","v":{"v":0,"d":"0.00"}},{"$f":"IF(N209=\"znížená\",J209,0)","v":{"v":0,"d":"0.00"}},{"$f":"IF(N209=\"zákl. prenesená\",J209,0)","v":{"v":0,"d":"0.00"}},{"$f":"IF(N209=\"zníž. prenesená\",J209,0)","v":{"v":0,"d":"0.00"}},{"$f":"IF(N209=\"nulová\",J209,0)","v":{"v":0,"d":"0.00"}},"2",{"$f":"ROUND(I209*H209,3)","v":{"v":0,"d":"0.000"}},"16","-1218473176"]
[null,null,"66","M","583840011700","Doska obkladová kamenná brúsená, hrúbka 20 mm, z usadených hornín","m2",{"v":2.12,"d":"2.120"},{"v":0,"d":"0.000"},{"$f":"ROUND(I210*H210,3)","v":{"v":0,"d":"0.000"}},null,null,"","znížená",{"v":0,"d":"0.00000"},{"$f":"O210*H210","v":{"v":0,"d":"0.00000"}},{"v":0.062,"d":"0.06200"},{"$f":"Q210*H210","v":0.13144},{"v":0,"d":"0.00000"},{"$f":"S210*H210","v":{"v":0,"d":"0.00000"}},{"$nulls":23},"32",null,"M","2",{"$nulls":3},"ROZPOCET",{"$nulls":5},{"$f":"IF(N210=\"základná\",J210,0)","v":{"v":0,"d":"0.00"}},{"$f":"IF(N210=\"znížená\",J210,0)","v":{"v":0,"d":"0.00"}},{"$f":"IF(N210=\"zákl. prenesená\",J210,0)","v":{"v":0,"d":"0.00"}},{"$f":"IF(N210=\"zníž. prenesená\",J210,0)","v":{"v":0,"d":"0.00"}},{"$f":"IF(N210=\"nulová\",J210,0)","v":{"v":0,"d":"0.00"}},"2",{"$f":"ROUND(I210*H210,3)","v":{"v":0,"d":"0.000"}},"16","1144644719"]